Miera rizika chudoby a jej regionálne rozdiely

Na minha lista:
Detalhes bibliográficos
Autor principal: Megyesiová, Silvia, 1969-
Outros Autores: Bačo, Tomáš, 1981-, Poništ, Peter
Formato: Capítulo de Livro
Idioma:inglês
Assuntos:
Tags: Adicionar Tag
Sem tags, seja o primeiro a adicionar uma tag!

MARC

LEADER 00000naa$a2200000$$$4500
001 0180782
005 20240502073105.9
041 0 |a eng 
044 |a SK 
245 1 0 |a Miera rizika chudoby a jej regionálne rozdiely  |c Silvia Megyesiová, Tomáš Bačo, Peter Poništ 
500 |a Abstrakt 
610 2 0 |a chudoba 
610 2 0 |a chudobní 
610 2 0 |a vylúčenie sociálne 
610 2 0 |a Slovensko 
100 1 |a Megyesiová, Silvia, 1969- 
700 1 |a Bačo, Tomáš, 1981- 
700 1 |a Poništ, Peter